000 00583nam a22002297a 4500
003 UA-OsUOA
001 40142
007 ta
008 20060717b un ||||| |||| 00| 0 ukr d
100 _aЛамонт К.
090 _a237.2
_bЛ21
942 _cBK
040 _aUA-OsUOA
_brus
_cUA-OsUOA
_dUA-OsUOA
245 _aИллюзия бессмертия
300 _a286 с.
955 _a4
041 _arus
080 _a237.2
260 _aМ.
_bПолитическая литература
_c1984
650 7 _a2 Релігія. Теологія.
_2UDC
999 _c326281
_d326281